| 000 | 00539nam a2200193 4500 | ||
|---|---|---|---|
| 999 |
_c5700 _d5700 |
||
| 003 | OSt | ||
| 005 | 20220610112725.0 | ||
| 008 | 220610b ||||| |||| 00| 0 eng d | ||
| 020 | _a- | ||
| 040 | _cALUPE UNIVERSITY | ||
| 050 |
_aRC55 _b.N53 1988 |
||
| 100 | _aNicholson, N. W. | ||
| 245 |
_a Medicine : _bnon-communicable diseases in adults _cBy N. W. Nicholson; |
||
| 260 |
_aNairobi : _bAMREF, _cc1988 |
||
| 300 |
_axiii, 383p. _bills _c21cm |
||
| 440 |
_aRural health series, _v13. |
||
| 500 | _aIncludes index | ||
| 942 |
_2lcc _cBK _nAB |
||